Biblioteca

Religionsgeschichte Israels in alttestamentlicher Zeit / (Registro nro. 65810)

Detalles MARC
000 -LÍDER
Campo fijo de descripción fija 01685cam a2200409 a 4500
001 - NÚMERO DE CONTROL
Campo de control 768714001
003 - IDENTIFICADOR DEL NÚMERO DE CONTROL
Campo de control CO-MdFUSB
005 - FECHA Y HORA DE LA ULTIMA TRANSACCIÓN
control field 20240820111206.0
007 - CAMPO FIJO DE DESCRIPCIÓN FIJA--INFORMACIÓN GENERAL
Campo fijo de descripción fija ta
008 - ELEMENTOS DE LONGITUD FIJA -- INFORMACIÓN GENERAL
Campo fijo de descripción fija -- Información general 930708t19859999gw b 000 0 ger
010 ## - NÚMERO DE CONTROL DE LA BIBLIOTECA DEL CONGRESO
Número de control LC 93175500
020 ## - NÚMERO INTERNACIONAL NORMALIZADO PARA LIBROS
Número Internacional Normalizado del libro 3525516711
020 ## - NÚMERO INTERNACIONAL NORMALIZADO PARA LIBROS
Número Internacional Normalizado del libro 3525516754
040 ## - FUENTE DE CATALOGACIÓN
Agencia de catalogación original DLC
Agencia que realiza la transcripción CO-MdFUSB
Agencia que realiza la modificación DLC
Idioma de catalogación spa
Convenciones de la descripción rda
041 ## - CÓDIGO DE IDIOMA
Código de idioma para texto/pista de sonido o título separado ger
082 00 - NÚMERO DE CLASIFICACIÓN DECIMAL DEWEY
Número de clasificación 221.95
Número de la edición del Dewey 20
Clave de autor-Numero de item A334
100 1# - ASIENTO PRINCIPAL--NOMBRE PERSONAL
Nombre personal Albertz, Rainer,
Fechas asociadas con el nombre 1943-
Término relacionador autor
245 10 - TÍTULO
Título del Material Religionsgeschichte Israels in alttestamentlicher Zeit /
Mención de responsabilidad, etc. von Rainer Albertz.
264 #1 - PRODUCCIÓN, PUBLICACIÓN, DISTRIBUCIÓN, MANUFACTURA, Y COPYRIGHT
Lugar de producción, publicación, distribución, manufactura Göttingen :
Nombre del productor, publicador, distribuidor Vandenhoeck y Ruprecht,
Fecha de producción, publicación, distribución, manufactura, o copyright [1985]
264 #4 - PRODUCCIÓN, PUBLICACIÓN, DISTRIBUCIÓN, MANUFACTURA, Y COPYRIGHT
Fecha de producción, publicación, distribución, manufactura, o copyright © 1985
300 ## - DESCRIPCIÓN FÍSICA
Extensión 373 páginas
Dimensiones 25 cm.
336 ## - TIPO DE CONTENIDO
Fuente rdacontent
Término de tipo de contenido texto
Código de tipo de contenido txt
337 ## - TIPO DE MEDIO
Fuente rdamedia
Nombre del tipo de medio sin mediación
Código del tipo de medio n
338 ## - TIPO DE SOPORTE
Fuente rdacarrier
Nombre del tipo de soporte volumen
Código Tipo de soporte nc
490 1# - MENCIÓN DE SERIE
Mención de serie Grundrisse zum Alten Testament, 8;
500 ## - NOTA GENERAL
Nota General En biblioteca se encuentra el libro en español e inglés
504 ## - NOTA DE BIBLIOGRAFÍA, ETC.
Nota de bibliografía, etc Incluye referencias bibliográficas<br/>
505 1# - NOTA DE CONTENIDO
Información miscelánea Vol. I:
Título Desde los comienzos hasta el final de la monarquía: Introducción.
Nota de contenido con formato preestablecido Historia de la religión en la época pre-monárquica. -- Historia de la religión en la época monárquica.
Información miscelánea Vol II:
Título Desde el exilio hasta la época de los Macabeos:
Nota de contenido con formato preestablecido Historia de la religión en la época del destierro. -- Historia de la religión en la época postexílica. -- Perspectiva de la historia de la religión en el periodo helenístico.
563 ## - NOTA DE ENCUADERNACIÓN
Nota de encuadernación Rústico
630 07 - TITULO UNIFORME
Título uniforme Biblia.
Nombre de parte o sección de la obra Antiguo Testamento
Subdivisión de materia general Theology.
650 #7 - ASIENTO SECUNDARIO DE MATERIA - TERMINO TEMÁTICO
Término temático o nombre geográfico como elemento de entrada Judaísmo
Subdivisión general Historia
9 (RLIN) 6884
830 ## - PUNTO DE ACCESO ADICIONAL DE SERIE - TÍTULO UNIFORME
Título uniforme Grundrisse zum Alten Testament, 8;
Designación de volumen o secuencia 8/1 - 8/2
942 ## - TIPO DE MATERIAL (KOHA)
Tipo de Item KOHA Libros General
945 ## - INFORMACIÓN LOCAL DEL REGISTRO
Catalogador JTF- 925
Existencias
Estado de Material Estado de Perdido Forma de Clasificación Estado de Dañado No para Préstamo Colección Biblioteca de Origen Biblioteca Permanente Fecha de Adquisición Forma de Adquisición Área Total de Préstamos Signatura Topográfica Código de Barras Última vez visto Ejemplar/Existencia Fecha de Remplazo Tipo de Material
    Dewey Decimal Classification     Colección General Biblioteca FUSBC Biblioteca FUSBC 23/04/2020 Donación Nottingham BIBLIA   G 221.95 A334r 24554 23/04/2020 Vol. 1, ej. 1 23/04/2020 Libros General
    Dewey Decimal Classification     Colección General Biblioteca FUSBC Biblioteca FUSBC 23/04/2020 Donación Nottingham BIBLIA   G 221.95 A334r 24555 23/04/2020 Vol. 2 , ej. 1 23/04/2020 Libros General

Biblioteca FUSBC | Teléfono: (57+4) 349 88 10 Ext. 141| WhatsApp (+57) 3005338115 
E-mail: biblioteca@unisbc.edu.co | Calle 76 87-14 Robledo Palenque, Medellín, Colombia

Con tecnología Koha